| Tag |
First Indicator |
Second Indicator |
Subfields |
| LEADER |
00000nam a2200000 i 4500 |
| 001 |
in00005609713 |
| 006 |
m o d f |
| 007 |
cr ||||||||||| |
| 008 |
240928s2024 dcuab ob f000 0 eng c |
| 005 |
20241219164124.7 |
| 035 |
|
|
|a (OCoLC)on1457899474
|
| 040 |
|
|
|a DID
|b eng
|e rda
|e pn
|c DID
|d GPO
|d MvI
|
| 042 |
|
|
|a pcc
|
| 043 |
|
|
|a n-us---
|a e-un---
|
| 049 |
|
|
|a WWW
|
| 074 |
|
|
|a 0546-D (online)
|
| 086 |
0 |
|
|a GA 1.13:GAO-24-107776
|
| 088 |
|
|
|a GAO-24-107776
|
| 110 |
1 |
|
|a United States.
|b Government Accountability Office,
|0 https://id.loc.gov/authorities/names/no2004066329
|e author.
|
| 245 |
1 |
0 |
|a Ukraine: DOD could strengthen international military training coordination by improving data quality : Q&A report to congressional committees /
|c U.S. Government Accountability Office.
|
| 246 |
3 |
|
|a Ukraine: Department of Defense could strengthen international military training coordination by improving data quality
|
| 246 |
1 |
7 |
|a GAO-24-107776 Ukraine training
|
| 264 |
|
1 |
|a [Washington, D.C.] :
|b U.S. Government Accountability Office,
|c 2024.
|
| 300 |
|
|
|a 1 online resource (17 pages) :
|b color illustrations, color map
|
| 336 |
|
|
|a text
|b txt
|2 rdacontent
|
| 337 |
|
|
|a computer
|b c
|2 rdamedia
|
| 338 |
|
|
|a online resource
|b cr
|2 rdacarrier
|
| 500 |
|
|
|a "September 26, 2024."
|
| 500 |
|
|
|a "GAO-24-107776."
|
| 500 |
|
|
|a In scope of the U.S. Government Publishing Office Catalog and Indexing Program (C&I) and Federal Depository Library Program (FDLP).
|
| 500 |
|
|
|a GPO Cataloging Record Distribution Program (CRDP).
|
| 504 |
|
|
|a Includes bibliographical references (pages 16-17).
|
| 588 |
|
|
|a Description based on online resource; title from PDF caption (GAO, viewed September 28, 2024).
|
| 650 |
|
0 |
|a Military assistance, American
|z Ukraine
|y 2022-2024
|x Management.
|
| 650 |
|
0 |
|a Military education
|z Ukraine
|y 2022-2024.
|
| 650 |
|
0 |
|a Soldiers
|x Training of
|z Ukraine
|y 2022-2024.
|
| 650 |
|
0 |
|a Military assistance
|x International cooperation
|y 2022-2024.
|
| 856 |
4 |
0 |
|u https://purl.fdlp.gov/GPO/gpo233635
|t 0
|
| 999 |
f |
f |
|i 96acbcc7-0fb1-4765-99e5-93b39acbb6f3
|s 4055779c-adff-4c6a-acd7-6de16ec510a3
|t 0
|
| 952 |
f |
f |
|a Texas A&M University
|b College Station
|c Electronic Resources
|d Available Online
|t 0
|e GA 1.13:GAO-24-107776
|h Superintendent of Documents classification
|
| 998 |
f |
f |
|a GA 1.13:GAO-24-107776
|t 0
|l Available Online
|